[Event "CellaVision Cup"]
[Site "?"]
[Date "2015.08.08"]
[Round "?"]
[White "Bellon Lopez, Juan Manuel"]
[Black "Jones, Gawain C B"]
[WhiteElo "2364"]
[BlackElo "2647"]
[Result "1-0"]

1. d4 Nf6 2. Bg5 d5 3. Bxf6 gxf6 4. e3 c5 5. Nc3 cxd4 6. exd4 Nc6 7. Nge2 e5 8. a3 h5 9. Qd3 Bh6 10. f4 exf4 11. Ng1 Bg4 12. Be2 Qd7 13. Bf3 O-O-O 14. O-O-O Rhe8 15. h3 Bf5 16. Qb5 Be4 17. Bxe4 dxe4 18. Qxh5 Rh8 19. Kb1 f5 20. Qe2 Qe7 21. Qc4 Kb8 22. Nge2 Rhg8 23. Rhf1 Rxg2 24. Nxf4 Bxf4 25. Rxf4 Qg5 26. Qf1 Rxd4 27. Re1 Ne7 28. h4 Qg7 29. Nd1 Rg6 30. h5 Rb6 31. c3 Rd5 32. Rh4 Ka8 33. Rh2 Qe5 34. Qg1 Rdd6 35. Ne3 Qxc3 36. Rc2 Qd3 37. Rd1 Rxb2+ 38. Kxb2 Rb6+ 39. Kc1 Qxa3+ 40. Kd2 Rc6 41. Rxc6 bxc6 42. Nc2 Qb3 43. Qc5 Qe6 44. Kc1 Kb7 45. Rd6 Qc8 46. h6 f4 47. h7 Ng6 48. Nd4 f3 49. Nxc6 Qh3 50. Qxa7+ Kc8 51. Rd8# 

1-0

[Event "ESP-chT"]
[Site "?"]
[Date "1990.??.??"]
[Round "?"]
[White "Bellon Lopez, Juan Manuel"]
[Black "Rivas Pastor, Manuel"]
[WhiteElo "2445"]
[BlackElo "2505"]
[Result "1-0"]

1. d4 f5 2. g3 Nf6 3. Bg2 g6 4. Nf3 Bg7 5. O-O O-O 6. b3 Qe8 7. Bb2 Kh8 8. d5 Na6 9. c4 Nc5 10. b4 Nce4 11. Nbd2 e6 12. Nxe4 fxe4 13. Ng5 e3 14. d6 a5 15. b5 h6 16. Ne4 Nxe4 17. Bxg7+ Kxg7 18. Bxe4 exf2+ 19. Rxf2 Rxf2 20. Kxf2 Qf8+ 21. Kg2 Qxd6 22. Qc2 Qe5 23. Rf1 g5 24. Bh7 

1-0

[Event "4th Calvia Spain, Open"]
[Site "?"]
[Date "2007.10.18"]
[Round "?"]
[White "Bellon Lopez, Juan Manuel"]
[Black "Suba, Mihai"]
[WhiteElo "2434"]
[BlackElo "2502"]
[Result "1-0"]

1. d4 e6 2. Nf3 c5 3. e3 Nf6 4. c4 d5 5. Nc3 Nc6 6. a3 cxd4 7. exd4 Ne4 8. Qc2 Nxc3 9. bxc3 Be7 10. Bf4 O-O 11. Bd3 g6 12. h4 dxc4 13. Bxc4 Qa5 14. Bd3 e5 15. dxe5 Bg4 16. Kf1 Bxf3 17. gxf3 Nxe5 18. Bxe5 Qxe5 19. h5 Kg7 20. Re1 Qf6 21. Qd2 Qg5 22. f4 Qd5 23. Rh3 Bf6 24. f5 g5 25. h6+ Kh8 26. c4 Qc6 27. Re4 Rad8 28. Qe2 Qc5 29. Rhe3 Qxa3 30. Re8 Rdxe8 31. Rxe8 Kg8 32. Re3 Qd6 33. Be4 b6 34. Bd5 a5 35. Qh5 Qc7 36. Rg3 Qf4 37. Re3 a4 38. Qxf7+ 

1-0

[Event "3rd Malaga op"]
[Site "?"]
[Date "2000.03.04"]
[Round "?"]
[White "Epishin, Vladimir"]
[Black "Bellon Lopez, Juan Manuel"]
[WhiteElo "2667"]
[BlackElo "2446"]
[Result "0-1"]

1. d4 Nf6 2. c4 e5 3. dxe5 Ne4 4. Nd2 Bb4 5. g3 b6 6. Bg2 Bb7 7. f3 Nxd2 8. Bxd2 Qe7 9. e4 Nc6 10. Ne2 Nxe5 11. O-O Nxc4 12. Bxb4 Qxb4 13. Qd4 c5 14. Qxg7 Qxb2 15. Qxb2 Nxb2 16. Nc3 Bc6 17. f4 O-O-O 18. a4 Nc4 19. Rfc1 Kb7 20. Rab1 d6 21. Nb5 Nd2 22. Rb2 Nxe4 23. a5 f5 24. axb6 axb6 25. Rcb1 d5 26. Na3 Kc7 27. Rxb6 Rb8 28. Rxb8 Rxb8 29. Rxb8 Kxb8 30. g4 Nf6 31. g5 Nh5 32. Bf3 Nxf4 33. h4 Kc7 34. Kf2 Kd6 35. Ke3 Ne6 36. Bh5 Ke7 37. Bd1 Kd6 38. Bh5 f4+ 39. Kf2 Nd4 40. Bf7 Nf5 41. Bg8 h6 42. Bh7 Bd7 43. Nb5+ Ke5 44. Bxf5 Bxf5 

0-1

[Event "Stockholm"]
[Site "?"]
[Date "1995.??.??"]
[Round "?"]
[White "Krasenkow, Michal"]
[Black "Bellon Lopez, Juan Manuel"]
[WhiteElo "2590"]
[BlackElo "2490"]
[Result "0-1"]

1. d4 Nf6 2. Nf3 c5 3. d5 d6 4. Nc3 Qa5 5. Bd2 b5 6. a3 a6 7. e4 Qc7 8. Bg5 h6 9. Bxf6 exf6 10. Be2 g6 11. O-O Bg7 12. Re1 O-O 13. Qd2 Nd7 14. a4 b4 15. Nd1 Re8 16. Bf1 Ne5 17. Nxe5 Rxe5 18. f4 Re8 19. c3 f5 20. exf5 Rxe1 21. Qxe1 Bxf5 22. Ne3 Re8 23. Qc1 Be4 24. Bxa6 bxc3 25. bxc3 c4 26. Bb5 Re7 27. Nxc4 Bxd5 28. Qf1 Re4 29. Nd2 Re3 30. Kh1 Bxc3 31. Rd1 Qe7 32. Qf2 Bd4 33. Nf1 Rd3 34. Qxd4 Rxd4 35. Rxd4 Qb7 36. Rd2 Be4 37. Ng3 Bc6 38. Rf2 Bxb5 39. axb5 Qxb5 40. Nf1 Qc5 41. Kg1 h5 42. h4 d5 43. g3 d4 44. Kg2 Qd5+ 45. Kg1 Kg7 46. Kh2 Kf6 47. Kg1 Kf5 48. Rd2 Qc5 49. Kg2 Ke4 50. Kf2 d3+ 51. Kg2 Kd4 52. Rf2 Kc3 53. Rd2 Qd5+ 54. Kg1 Qf3 55. Rf2 Qe4 56. Kh2 Qe1 57. Kg2 Qd1 58. Kg1 Qc1 59. Kg2 Qe1 60. Kf3 Qe6 61. Kg2 Qd5+ 62. Kg1 d2 63. Rxd2 Qxd2 64. Nxd2 Kxd2 65. f5 gxf5 66. Kf2 f6 

0-1

[Event "Graz"]
[Site "?"]
[Date "1984.??.??"]
[Round "?"]
[White "Sax, Gyula"]
[Black "Bellon Lopez, Juan Manuel"]
[WhiteElo "2565"]
[BlackElo "2425"]
[Result "0-1"]

1. e4 c5 2. Nf3 e6 3. d4 cxd4 4. Nxd4 a6 5. Bd3 Nf6 6. O-O Qc7 7. f4 Bc5 8. c3 Nc6 9. e5 Nd5 10. Be4 d6 11. Bxd5 exd5 12. exd6 Bxd6 13. Re1+ Ne7 14. Qf3 O-O 15. Be3 Nf5 16. g3 Re8 17. Nd2 Nxe3 18. Rxe3 Rxe3 19. Qxe3 Bd7 20. Qf3 Re8 21. Qxd5 Bc5 22. Kf2 Be6 23. Qe5 Qc6 24. Re1 Bd7 25. Qh5 Bxd4+ 26. cxd4 Rxe1 27. Kxe1 Qc1+ 28. Qd1 Qxb2 29. Qb1 Qxd4 30. Qxb7 Qe3+ 31. Kd1 Bg4+ 32. Kc2 Bf5+ 33. Kd1 Qg1+ 34. Ke2 Qxh2+ 35. Ke1 Qg1+ 36. Ke2 Bg4+ 37. Kd3 Qxg3+ 38. Kc2 Bf5+ 39. Kb2 h5 40. Qxa6 Qxf4 41. Qa8+ Kh7 42. Qd5 h4 43. a4 Qb4+ 44. Nb3 Be6 

0-1

[Event "Benidorm op"]
[Site "?"]
[Date "1993.??.??"]
[Round "?"]
[White "Ulibin, Mikhail"]
[Black "Bellon Lopez, Juan Manuel"]
[WhiteElo "2565"]
[BlackElo "2415"]
[Result "0-1"]

1. d4 Nf6 2. c4 c5 3. d5 a6 4. a4 e5 5. Nc3 d6 6. e4 Be7 7. Bd3 O-O 8. h3 g6 9. Bh6 Re8 10. g4 Kh8 11. Qd2 Nbd7 12. Nge2 Ng8 13. Be3 f5 14. exf5 e4 15. Nxe4 Ne5 16. Qc3 gxf5 17. gxf5 Bxf5 18. N2g3 Bf6 19. Nxf6 Nxd3+ 20. Kf1 Qxf6 21. Qxf6+ Nxf6 22. Nxf5 Ne4 23. Bh6 Rg8 24. Rh2 Rae8 25. Ra3 Nxb2 26. f3 Nxc4 27. fxe4 Nxa3 28. Nxd6 Re7 29. Rf2 b5 30. e5 Nc4 31. Nxc4 bxc4 32. e6 c3 33. Ke2 Rb7 34. d6 Rb6 35. Bf4 Rb2+ 36. Kf3 Rxf2+ 37. Kxf2 Kg7 38. Be5+ Kf8 39. Ke2 Rg6 40. e7+ Ke8 41. Kd3 Re6 42. Bf4 c2 43. Kxc2 Re4 

0-1

[Event "Malaga"]
[Site "?"]
[Date "1987.??.??"]
[Round "?"]
[White "Rodriguez, Amador"]
[Black "Bellon Lopez, Juan Manuel"]
[WhiteElo "2560"]
[BlackElo "2370"]
[Result "0-1"]

1. e4 c6 2. d4 d5 3. exd5 cxd5 4. c4 Nf6 5. Nc3 g6 6. cxd5 a6 7. Qb3 Bg7 8. Be2 O-O 9. Nf3 Nbd7 10. Ne5 Qb6 11. Be3 Rd8 12. Bc4 Qxb3 13. Bxb3 Nb6 14. d6 e6 15. Bg5 Rxd6 16. Bxf6 Bxf6 17. Ne4 Bxe5 18. dxe5 Rd4 19. Nf6+ Kg7 20. Ke2 Nd7 21. Ke3 Rb4 22. Nxd7 Bxd7 23. Rac1 Bc6 24. f3 a5 25. Rc2 Rb5 26. f4 Rb4 27. Rhc1 Re4+ 28. Kf3 g5 29. fxg5 Rxe5+ 30. Kf4 Rf5+ 31. Kg4 h5+ 32. gxh6+ Kxh6 33. h4 Rd8 34. Bc4 Rd4+ 35. Kh3 Be4 36. Rc3 Rf2 37. g4 Rxb2 38. g5+ Kh5 

0-1

[Event "Madrid"]
[Site "?"]
[Date "1973.??.??"]
[Round "?"]
[White "Browne, Walter S"]
[Black "Bellon Lopez, Juan Manuel"]
[WhiteElo "2530"]
[BlackElo "2400"]
[Result "0-1"]

1. e4 c5 2. Nf3 g6 3. c4 Bg7 4. d4 cxd4 5. Nxd4 Nc6 6. Be3 b6 7. Nc3 Bb7 8. Be2 Nf6 9. O-O O-O 10. Qd2 d6 11. f3 Qd7 12. Rfd1 Ne8 13. f4 Nf6 14. Bf3 Rad8 15. e5 Nxd4 16. Bxd4 dxe5 17. fxe5 Bxf3 18. gxf3 Nh5 19. Qe3 Qf5 20. Ne2 Rd7 21. Ng3 Nxg3 22. hxg3 Rfd8 23. f4 e6 24. Rd2 Bf8 25. Rad1 Bb4 26. Rd3 Bc5 27. Kg2 h5 28. R3d2 Bb4 29. Bc3 Rxd2+ 30. Rxd2 Rxd2+ 31. Qxd2 Qe4+ 32. Kh2 Bc5 33. Qd8+ Kh7 34. Qf6 Qe2+ 35. Kh3 Qd1 36. g4 hxg4+ 37. Kh4 Qh1+ 38. Kxg4 Qg2+ 

0-1